| 000 | 00838nam a22002897a 4500 | ||
|---|---|---|---|
| 003 | CHAP | ||
| 005 | 20220329141601.0 | ||
| 008 | 971013s1974 r 00010 d | ||
| 010 | _a70520 | ||
| 011 | _a71492 | ||
| 035 | _a81046 | ||
| 040 | _cCHAP | ||
| 082 |
_a519.5 _bE3 1974 |
||
| 100 | 0 | 0 |
_aEdwards, Allen L. _935705 |
| 245 | _aStatistical analysis | ||
| 250 | _a4 ed. | ||
| 260 |
_aNew York : _bHolt, Rinehart and Winston, _c1974 |
||
| 300 | _a273 p. | ||
| 590 |
_aBATCH-UPD _b10 _c20130110 _lUCH01 _h0715 |
||
| 590 |
_aBATCH-UPD _b10 _c20130410 _lUCH01 _h0400 |
||
| 590 |
_aBATCH-UPD _b10 _c20130914 _lUCH01 _h0348 |
||
| 590 |
_aCONVERSION _b10 _c20130109 _lUCH01 _h1339 |
||
| 650 | 1 | 4 |
_aAnálisis estadÃstico. _95984 |
| 901 | _aBK | ||
| 942 | _cLIBRO | ||
| 949 |
_a519.5 E3 1974 _bBC _cLIBRO _d33724000410510 _eLIBRO _h34417 _i81046 _si |
||
| 999 |
_c70520 _d70520 |
||